[Event "Bethune op 21st"]
[Site "Bethune"]
[Date "2000.??.??"]
[Round "3"]
[White "Thiery, Christophe"]
[Black "Desjacques, Matthieu"]
[Result "1-0"]
[WhiteElo "2080"]
[BlackElo "1830"]
[PlyCount "63"]
[EventDate "2000.12.26"]
[EventType "swiss"]
[EventRounds "7"]
[EventCountry "FRA"]
[SourceTitle "EXT 2003"]
[Source "ChessBase"]
[SourceDate "2002.11.25"]
[SourceVersion "1"]
[SourceVersionDate "2002.11.25"]
[SourceQuality "1"]

1. e4 g6 2. d4 Bg7 3. c4 d6 4. Nc3 Nf6 5. Nf3 0-0 6. Be2 e5 7. 0-0 Nc6 8. d5 Ne7 9. Ne1 Ne8 10. Be3 f5 11. f3 Nf6 12. Nd3 f4 13. Bf2 g5 14. Rc1 Ng6 15. c5 Rf7 16. Nb5 Bf8 17. Qc2 Bd7 18. c6 bxc6 19. dxc6 Be6 20. Bxa7 h5 21. Nb4 g4 22. Bc4 Qc8 23. Bxe6 Qxe6 24. Qc4 Re8 25. Qxe6 Rxe6 26. Na6 Ne8 27. Bb8 gxf3 28. gxf3 Ree7 29. a4 Rg7 30. Kf2 Nh4 31. Rg1 Rxg1 32. Rxg1+ 1-0